SpongeBob Characters - Statistics

General Stats
  • This quiz has been taken 20 times
  • The average score is 14 of 40
Answer Stats
Answer % Correct
Patrick
93%
Mr Krabs
87%
Pearl
87%
Sandy
87%
Spongebob
87%
Plankton
80%
Squidward
80%
Gary
73%
Mrs Puff
73%
Larry the Lobster
67%
Karen
60%
Mermaid Man
47%
Dirty Bubble
40%
Barnacle Boy
33%
Manray
33%
Old Man Jenkins
33%
Bubble Bass
27%
Fred
27%
Patchy the Pirate
27%
Perch Perkins
27%
Bubble Buddy
20%
Flying Dutchman
20%
Harold Squarepants
20%
King Neptune
20%
Squilliam Fancyson
20%
Harriet Squarepants
13%
Herb Star
13%
Margaret Squarepants
13%
Margie Star
13%
Tom
13%
David Hasselhoff
7%
Doodlebob
7%
Flats the Flounder
7%
Hash Slinging Slasher
7%
Jim
7%
Kevin the Sea Cucumber
7%
Nosferatu
7%
Princess Mindy
7%
Dennis
0%
Gill Gilliam
0%
No matching quizzes found
Score Distribution
Percent of People with Each Score
Percentile by Number Answered
Your Score History
You have not taken this quiz